000 00624nam a2200205 i 4500
001 31186
003 ES-MaACL
005 20260525062925.0
007 t|
008 030128s1960 sp |||| | spa d
100 1 _aBenavente, Jacinto,
_d1866-1954
_927443
245 1 0 _aCampo de armiño
_b; La ciudad alegre y confiada /
_cJacinto Benavente.
260 _aMadrid :
_bEspasa-Calpe,
_c[1960]
300 _a229 p. ;
_c18 cm.
490 1 _aColección austral ;
_v1293
740 3 2 _aLa ciudad alegre y confiada.
830 0 _aColección austral
_v1293
_9177655
852 _aES-MaACL
_jC-18751
999 _c31186
_d31186